000 00602nam a22002297a 4500
003 UA-OsUOA
001 51020
007 ta
008 20071204b un ||||| |||| 00| 0 ukr d
100 _aРізник Левко
090 _a821. 161. 2
_bР 49
942 _cBK
040 _aUA-OsUOA
_bukr
_cUA-OsUOA
_dUA-OsUOA
245 _aУсусуси на лисоні
_bПовість
300 _a286 с.
955 _a3
041 _aukr
080 _a821. 161. 2
260 _aЛьвів
_c2000
650 7 _a82 Література. Літературознавство
_2UDC
999 _c337124
_d337124